Since Then / (Record no. 187207)
[ view plain ]
| 000 -LEADER | |
|---|---|
| fixed length control field | 01012 a2200169 4500 |
| 003 - CONTROL NUMBER IDENTIFIER | |
| control field | Nust |
| 005 - DATE AND TIME OF LATEST TRANSACTION | |
| control field | 20230131142142.0 |
| 040 ## - CATALOGING SOURCE | |
| Transcribing agency | Nust |
| 082 ## - DEWEY DECIMAL CLASSIFICATION NUMBER | |
| Classification number | 940.546,GIB |
| 100 ## - MAIN ENTRY--PERSONAL NAME | |
| Personal name | Gibbs, Phlip |
| 9 (RLIN) | 108265 |
| 245 ## - TITLE STATEMENT | |
| Title | Since Then / |
| Statement of responsibility, etc. | Philip Gibbs |
| 260 ## - PUBLICATION, DISTRIBUTION, ETC. | |
| Place of publication, distribution, etc. | London |
| Name of publisher, distributor, etc. | William Heinemann Ltd |
| 300 ## - PHYSICAL DESCRIPTION | |
| Extent | 414:p |
| 505 ## - FORMATTED CONTENTS NOTE | |
| Formatted contents note | The Great Reprieve (Page-1), The German Revolution (Page-8), The Advance to the Rhine (Page-16), The Peace Treaties (Page-24), The White Armies (Page-46), The Mutilation of Hungary (Page-74), The Greek Tragedy (Page-94), The Fascist Regime (Page-117), The Revival of Germany (Page-137), The Future of Austria (Page-172), The Regeneration of Poland (Page-178), The Leadership of France (Page-197), The State of England (Page-224), America After the War (Page-261), The Record of the League (Page-305), The Restless Races (Page-314), The Martyrdom of Russia (Page-329), The Unveiling of Woman (Page-366), The post War Mind (Page-386). |
| 650 ## - SUBJECT ADDED ENTRY--TOPICAL TERM | |
| Topical term or geographic name entry element | World war |
| 9 (RLIN) | 108266 |
| 942 ## - ADDED ENTRY ELEMENTS (KOHA) | |
| Source of classification or shelving scheme | |
| Koha item type | Book |
| Withdrawn status | Lost status | Source of classification or shelving scheme | Damaged status | Not for loan | Permanent Location | Current Location | Shelving location | Date acquired | Shelving control number | Full call number | Barcode | Date last seen | Price effective from | Koha item type | Public note |
|---|---|---|---|---|---|---|---|---|---|---|---|---|---|---|---|
| Military College of Signals (MCS) | Military College of Signals (MCS) | General Stacks | 12/12/2016 | History | 940.546,GIB | MCS29484 | 12/08/2016 | 12/12/2016 | Book | Almirah No.60, Shelf No.3 |
